Uns óculos para a Rita (Registo nº 4682)

Detalhes MARC
000 -Etiqueta do registo
Cabeçalho 00710nam0a2200253 4500
005 - Identificador da versão
Campo de controlo 20240813122109.0
010 ## - Número internacional normalizado dos livros (ISBN)
ISBN errado 972-26-1908-9
021 ## - Número do Depósito Legal
Código do país PT
Número 163683/01
100 ## - Dados gerais de processamento
Dados gerais de processamento 20190603d2001 c y0pory5003 ba
102 ## - Pais de publicação ou produção
País de publicação Portugal
101 0# - Língua de publicação
Língua do texto, banda sonora, etc. Português
215 ## - Descrição física 
Indicação específica da natureza do documento e extensão da espécie [32] p.
Outras indicações físicas il. color
200 1# - Titulo e menção de responsabilidade
Título próprio Uns óculos para a Rita
Primeira menção de responsabilidade Luísa Ducla Soares
Outras menções de responsabilidade il. Olé Design
225 2# - Colecção 
Título próprio da colecção Obra completa de Luísa Ducla Soares
210 ## - Publicação, Distribuição, etc. 
Lugar da edição, distribuição, etc. [Porto]
Nome do editor, distribuidor, etc. Civilização
Data da publicação, distribuição, etc. 2001
300 ## - Notas gerais 
Texto da nota PNL
675 ## - Classificação Decimal Universal (CDU)
Notação 821.134.3-34
Edição 3ª ed.
Língua da edição por
712 02 - Nome de colectividade-autor (responsabilidade secundária)
Número de registo de entrada de autoridade 0002151
Palavra de ordem Olé Design
Código de função Ilustrador / Técnico de desenho computorizado
700 #1 - Nome de autor-pessoa física (responsabilidade principal)
Número de registo de entrada de autoridade 0000789
Palavra de ordem Soares
Outra parte do nome não tomada para palavra de ordem Luísa Ducla
Datas 1939-
966 ## - Identificação da Biblioteca
Sigla EBVEN
942 ## - Elementos de entrada adicionados (Koha)
Tipo de item no Koha Livro
Exemplares
Situação do levantamento Origin of item (home branch) (coded) Biblioteca de empréstimo Código de barras Cota Circulation type (not for loan) Tipo de documento Nota do exemplar Damaged status
  Biblioteca Escolar das Vendas Biblioteca Escolar das Vendas BEV1482 8POR SOA PNL   Livro Sem mensagem